| 000 | 00731cam a22002533a 4500 | ||
|---|---|---|---|
| 001 | 28901 | ||
| 003 | PGUSA | ||
| 005 | 20140828083627.0 | ||
| 008 | 090521s2009||||xxu|||||s|||||000 | eng d | ||
| 040 |
_aPGUSA _beng |
||
| 042 | _adc | ||
| 050 | 4 | _aHM | |
| 100 | 1 |
_aStephen, Leslie, _d1832-1904 |
|
| 245 | 1 | 0 |
_aSocial Rights and Duties, Volume I (of 2) : _bAddresses to Ethical Societies _h[electronic resource] / _cLeslie Stephen |
| 260 |
_bProject Gutenberg, _c2009 |
||
| 506 | _aPublic domain in the USA. | ||
| 516 | _aElectronic text | ||
| 653 | _aSocial sciences | ||
| 653 | _aSocial ethics | ||
| 653 | _aEthics | ||
| 830 | 0 |
_aProject Gutenberg _v28901 |
|
| 856 | 4 | 0 | _uhttp://www.gutenberg.org/ebooks/28901 |
| 942 | _cEB | ||
| 999 |
_c258156 _d258156 |
||